000 00446nam a2200193Ia 4500
003 0100
008 130227s9999 xx 000 0 und d
040 _cARRUPELIB
050 _aBX2350.7.L324
100 _aLarkin, Ernest E.
245 _aSilent presence
245 _bdiscernment as process and problem
260 _aNew Jersey
260 _bDimension Books
260 _C1981
300 _a63p.
300 _b 23 cm
942 _2lcc
_02
999 _c2388
_d2388